Normal view
MARC view
- Soil Formation; Soil properties; Soil structures; Soil classification; Shallow foundation; Pile foundation; Well foundationd
Entry Topical Term
001 - CONTROL NUMBER
- control field: 7382
003 - CONTROL NUMBER IDENTIFIER
- control field: OSt
005 - DATE AND TIME OF LATEST TRANSACTION
- control field: 20250405160325.0
008 - FIXED-LENGTH DATA ELEMENTS
- fixed length control field: 250405|| aca||aabn | a|a d
040 ## - CATALOGING SOURCE
- Original cataloging agency: OSt
- Transcribing agency: OSt
150 ## - HEADING--TOPICAL TERM
- Topical term or geographic name as entry element: Soil Formation; Soil properties; Soil structures; Soil classification; Shallow foundation; Pile foundation; Well foundationd
670 ## - SOURCE DATA FOUND
- Source citation: Work cat.: (OSt)12092: Murthy, V.N.S . 7366, Text book of soil mechanics and foundation engineering / , 1992.
